Paesi più vicini alla Slovacchia - Statistics

Statistiche generali
  • Questo quiz è stato fatto 56 volte
  • Il punteggio medio è 18 su 20
Statistiche sulle risposte
km nazione % Corretto
304 Italia
100%
142 Slovenia
100%
0 Austria
98%
0 Cechia
98%
224 Germania
98%
168 Croazia
96%
556 Liechtenstein
94%
0 Polonia
94%
502 Svizzera
94%
189 Serbia
93%
0 Ucraina
93%
0 Ungheria
93%
267 Bielorussia
91%
71 Romania
89%
539 Russia
89%
282 Bosnia ed Erzegovina
87%
321 Moldavia
85%
497 Bulgaria
80%
468 Montenegro
76%
527 Kosovo
69%
Nessun quiz corrispondente trovato
Distribuzione punteggi
Percentuale di utenti per punteggio
Percentile per numero di risposta
I tuoi punteggi nel tempo
Non hai fatto questo quiz